Manual para Registradores de Imv̤eis e Notas

Bibliographic Details
Main Author: Gomes de Aguiar, Fb̀io
Format: Book
Language:Portuguese
Published: Brasil Editora Mundo Jurd̕ico 2015
Subjects:
Online Access:Acceso restringido

MARC

LEADER 00000nam a22000007a 4500
005 20160302113626.0
007 cr|||| ||
008 160302s2015 bl ||||| |||| 00||0 por d
020 |a  978-85-8085-064-2 
035 |a 13055 
040 |a vLex 
090 |c 5941  |d 5941 
100 1 |a Gomes de Aguiar, Fb̀io  
245 1 0 |a Manual para Registradores de Imv̤eis e Notas  |h [Recurso electrn̤ico] /  |c Fb̀io Gomes de Aguiar 
256 |a Servicio en ln̕ea 
260 |a Brasil  |b Editora Mundo Jurd̕ico  |c 2015 
300 |a 1 recurso electrn̤ico (Primera Edicin̤. 260 Pg̀inas)  
506 1 |a Contenido solo disponible en los productos indicados  |d vLex Global  |d vLex Global (Academic Edition, excluding Law Schools)  |d vLex Global (U.S. Academic Edition, Law Schools)  |d vLex Global (U.S. Academic Edition, excluding Law Schools)  |d vLex Global (Academic Edition, Law Schools) 
650 0 4 |a Drecho  |z Brasil 
740 0 |a vLex libros (servicio en ln̕ea)  
856 4 0 |u http://vlex.com/source/manual-registradores-imoveis-notas-13055  |z Acceso restringido  
942 |c BOOK 
999 0 |a Law